Mathematics for the million : (Record no. 5985)
[ view plain ]
| 000 -LEADER | |
|---|---|
| fixed length control field | 00906nam a2200277 a 4500 |
| 001 - CONTROL NUMBER | |
| control field | 5985 |
| 003 - CONTROL NUMBER IDENTIFIER | |
| rucl marc code | UkOxU |
| 005 - DATE AND TIME OF LATEST TRANSACTION | |
| control field | 20211208234150.0 |
| 008 - FIXED-LENGTH DATA ELEMENTS--GENERAL INFORMATION | |
| fixed length control field | 080114s1953 enk 000 0 eng d |
| 035 ## - SYSTEM CONTROL NUMBER | |
| System control number | (BD-RjUL) |
| 040 ## - CATALOGING SOURCE | |
| Original cataloging agency | BD-RjUL |
| Language of cataloging | eng |
| Transcribing agency | BD-RjUL |
| 041 ## - LANGUAGE CODE | |
| Language code of text/sound track or separate title | eng |
| 082 ## - DEWEY DECIMAL CLASSIFICATION NUMBER | |
| Edition number | 22 |
| Classification number | 510 |
| Author mark and year | HOM 1953 |
| 100 1# - MAIN ENTRY--PERSONAL NAME | |
| Personal name | Hogben, Lancelot Thomas, |
| Dates associated with a name | 1895-1975. |
| 9 (RLIN) | 18818 |
| 245 10 - TITLE STATEMENT | |
| Title | Mathematics for the million : |
| Remainder of title | a popular self educator / |
| Statement of responsibility, etc. | by Lancelot Hogben ; illustrations by J. F. Horrabin |
| 250 ## - EDITION STATEMENT | |
| Edition statement | 2nd ed |
| 260 ## - PUBLICATION, DISTRIBUTION, ETC. (IMPRINT) | |
| Place of publication, distribution, etc. | London : |
| Name of publisher, distributor, etc. | George Allen & Unwin, |
| Date of publication, distribution, etc. | 1953 |
| 300 ## - PHYSICAL DESCRIPTION | |
| Pagination | 657 p. : |
| Illustrations | ill. ; |
| Size | 23 cm. |
| 490 1# - SERIES STATEMENT | |
| Series statement | Primers for the age of plenty ; |
| Volume/sequential designation | No. 1 |
| 650 #0 - SUBJECT ADDED ENTRY--TOPICAL TERM | |
| Topical term or geographic name as entry element | Mathematics |
| 9 (RLIN) | 18819 |
| Topical term or geographic name as entry element | Mathematics |
| General subdivision | History |
| 9 (RLIN) | 18820 |
| 700 1# - ADDED ENTRY--PERSONAL NAME | |
| Personal name | Horrabin, J. F. |
| Fuller form of name | (James Francis), |
| Dates associated with a name | 1884-1962. |
| 830 #0 - SERIES ADDED ENTRY--UNIFORM TITLE | |
| Volume number/sequential designation | No. 1 |
| 830 #0 - SERIES ADDED ENTRY--UNIFORM TITLE | |
| Uniform title | Primers for the age of plenty ; |
| 942 ## - ADDED ENTRY ELEMENTS (KOHA) | |
| Source of classification or shelving scheme | Dewey Decimal Classification |
| Koha item type | Books |
| Lost status | Source of classification or shelving scheme | Damaged status | Not for loan | Collection code | Permanent Location | Current Location | Shelving location | Date acquired | Source of acquisition | Cost, normal purchase price | Total Checkouts | Full call number | Date last seen | Copy number | Koha item type |
|---|---|---|---|---|---|---|---|---|---|---|---|---|---|---|---|
| Dewey Decimal Classification | Non-fiction | Central Library, University of Rajshahi | Central Library, University of Rajshahi | 04/12/1956 | SUMP. MARSHALL | 5.00 | 510 HOM 1953 | 08/01/2014 | C-2 | Books |